000 00973nam a2200301 i 4500
001 000026943
003 DO-SdBNP
005 20250623101406.0
007 ta
008 110328t1944 dr r 001 0dspa d
040 _aDO-SdBNP
_bspa
_cBNPHU
_erda
041 _aspa
082 4 _a972.93
_bM516d
_222
100 1 _aMejía Soliere, Luis F.,
_d1892-1971
_eautor
_944947
245 1 0 _aDe Lilís a Trujillo /
_cLuis F. Mejía.
264 1 _aCaracas :
_bEditorial Élite,
_c1944.
300 _a353 páginas ;
_c25 cm.
336 _ardacontent
_btexto
_2txt
337 _ardamedia
_bsin mediación
_2n
338 _ardacarrier
_bvolumen
_2nc
504 _aBibliografía : p. 343
590 _aInventariado, 2024/DG
600 1 0 _a Heureaux, Ulises,
_d1845-1899
_9598
600 1 0 _aTrujillo Molina, Rafael Leónidas,
_d 1891-1961
_976764
651 0 _aRepública Dominicana --
_xHistoria --
_y1844-1930
_91009
910 _aValidado. Control de calidad. EMS
942 _2ddc
_cLBS1
999 _c26435
_d26435